Stades de Ligue 2 (2026-2027) - Statistiques

Statistiques générales
  • Ce quiz a été pris 3 fois
  • Le résultat moyen est 9 sur 18
Statistiques - réponses
Équipe Stade Capacité % Correct
En Avant Guingamp Stade du Roudourou 18 462
100%
AS Saint-Etienne Stade Geoffroy-Guichard 41 965
100%
FC Sochaux Stade Auguste-Bonal 20 005
67%
Stade de Reims Stade Auguste Delaune 20 519
67%
Red Star Stade Bauer 5 600
67%
FC Nantes Stade de la Beaujoire 35 233
67%
Montpellier Stade de la Mosson 22 000
67%
Grenoble Foot 38 Stade des Alpes 20 068
67%
Dijon Stade Gaston-Gérard 15 459
67%
FC Metz Stade Saint-Symphorien 28 786
67%
Pau FC Nouste-Camp 4 500
33%
FC Annecy Parc des Sports d'Annecy 13 634
33%
Stade Lavallois Stade Francis-Le-Basser 11 107
33%
Clermont Foot 63 Stade Gabriel-Montpied 10 800
33%
AS Nancy Lorraine Stade Marcel Picot 20 087
33%
USL Dunkerque Stade Marcel-Tribut 4 933
33%
US Boulogne Stade de la Libération 6 000
0%
Rodez Stade Paul-Lignon 6 761
0%
Aucun quiz correspondant
Distribution des résultats
% des personnes avec chaque résultat
Percentile par nombre de réponses
Votre historique - résultats
Vous n’avez pas pris ce quiz